000 00309nam a22001337a 4500
020 _a9780198070924
082 _a030
_bOXF/P
100 _aOXFORD
245 _aTHE OXFORD DICTIONARY OF PROVERBS
260 _aDELHI
_bOXFORD UNIVERSITY PRESS
_c2011
300 _a375
650 _aDICTIONARY
_zINDIA
942 _cBK
999 _c1741
_d1741